The European Union and Education for Democratic Citizenship (Record no. 28502)
[ view plain ]
| 000 -LEADER | |
|---|---|
| fixed length control field | 00765nam a2200121Ia 4500 |
| 008 - FIXED-LENGTH DATA ELEMENTS--GENERAL INFORMATION | |
| fixed length control field | 220620s9999||||xx |||||||||||||| ||und|| |
| 100 ## - MAIN ENTRY--PERSONAL NAME | |
| Personal name | Grimonprez, Kris |
| 245 #4 - TITLE STATEMENT | |
| Title | The European Union and Education for Democratic Citizenship |
| Remainder of title | Legal foundations for EU learning at school |
| 546 ## - LANGUAGE NOTE | |
| Language note | English[eng] |
| 650 ## - SUBJECT ADDED ENTRY--TOPICAL TERM | |
| Topical term or geographic name entry element | Europapolitik||Values||Europäische Erziehung||human rights education||Europäische Bürgerrechte||Education||European Union||schools||citizenship education||Demokratische Bildung||citizenship competence||rights||Europarecht||Democracy||Erziehungspolitik||citizens||civic competence||European citizenship |
| 856 ## - ELECTRONIC LOCATION AND ACCESS | |
| Uniform Resource Identifier | <a href="https://www.nomos-elibrary.de/10.5771/9783748902034/the-european-union-and-education-for-democratic-citizenship">https://www.nomos-elibrary.de/10.5771/9783748902034/the-european-union-and-education-for-democratic-citizenship</a> |
| 942 ## - ADDED ENTRY ELEMENTS (KOHA) | |
| Koha item type | E-Books |
| Withdrawn status | Lost status | Damaged status | Not for loan | Home library | Current library | Date acquired | Total Checkouts | Date last seen | Price effective from | Koha item type |
|---|---|---|---|---|---|---|---|---|---|---|
| Kerala University of Digital Sciences, Innovation and Technology Knowledge Centre | Kerala University of Digital Sciences, Innovation and Technology Knowledge Centre | 20/06/2022 | 20/06/2022 | 20/06/2022 | E-Books |